Csörgő Sándort köszöntik
Elmentve itt :
| Szerző: | |
|---|---|
| Dokumentumtípus: | Cikk |
| Megjelent: |
2007-06-14
|
| Sorozat: | Délmagyarország
97 No. 137 |
| Kulcsszavak: | Csörgő Sándor 1947-2008, Szeged, Eseménynaptár Szeged 2007. 06., Matematikus, Konferencia, Egyetemi tanár |
| Online Access: | http://dmarchiv.bibl.u-szeged.hu/138331 |
| LEADER | 00551nab a2200157 i 4500 | ||
|---|---|---|---|
| 001 | delm138331 | ||
| 005 | 20200108113605.0 | ||
| 008 | 200108s2007 hu o 0|| hun d | ||
| 040 | |a SZTE Délmagyarország Archívum |b hun | ||
| 041 | |a hun | ||
| 100 | 1 | |a Csörgő Sándor | |
| 245 | 1 | 0 | |a Csörgő Sándort köszöntik |h [elektronikus dokumentum] / |c Csörgő Sándor |
| 260 | |c 2007-06-14 | ||
| 300 | |a 7 | ||
| 490 | 0 | |a Délmagyarország |v 97 No. 137 | |
| 695 | |a Csörgő Sándor 1947-2008, Szeged, Eseménynaptár Szeged 2007. 06., Matematikus, Konferencia, Egyetemi tanár | ||